000 00655nam a2200265Ia 4500
005 20260306164046.0
008 008 260114s9999 xx 000 0 eng d
020 _a9781474496179
037 _aEBOOK
040 _aCRL
040 _beng
040 _cCRL
041 _2eng
041 _aeng
084 _qCRL
100 _aMoslund
_91129915
245 0 _aHow Literature Comes To Matter: Post-anthropocentric Approaches To Fiction
260 _bEdinburgh University Press
260 _c2022
650 _aPhilosophy
856 _uhttps://academic.oup.com/book/42182
942 _cEBOOK
999 _c1712581
_d1712581